[Event "BAN-chB 42nd"]
[Site "Dhaka"]
[Date "2016.10.22"]
[Round "3"]
[White "Masum, Hossain"]
[Black "Md Abu, Sayed"]
[Result "1-0"]
[WhiteElo "2104"]
[BlackElo "1868"]
[PlyCount "113"]
[EventDate "2016.10.20"]
[EventType "swiss"]
[EventRounds "11"]
[EventCountry "BAN"]
[SourceTitle "CBM 175 Extra"]
[Source "ChessBase"]
[SourceDate "2016.12.12"]
[SourceVersion "1"]
[SourceVersionDate "2016.12.12"]
[SourceQuality "1"]

1. e4 d6 2. d4 Nf6 3. Nc3 g6 4. Be3 Bg7 5. h3 a6 6. Qd2 b5 7. a3 Bb7 8. f3 Nc6 9. g4 e5 10. d5 Ne7 11. h4 h5 12. gxh5 Nxh5 13. Nge2 f5 14. 0-0-0 f4 15. Bf2 0-0 16. Bh3 Bc8 17. Bg4 Bxg4 18. fxg4 Nf6 19. Rdg1 Qd7 20. g5 Nh5 21. Qd3 Rad8 22. Nd1 c5 23. Be1 f3 24. Ng3 Nf4 25. Qxf3 Nh3 26. Qe2 Nxg1 27. Rxg1 Rf4 28. Qh2 Rdf8 29. Bd2 Rf3 30. h5 gxh5 31. Qxh5 Qe8 32. g6 Qxg6 33. Qh2 Qh7 34. Qg2 Qg6 35. Nh5 Qxg2 36. Rxg2 R8f7 37. Bh6 Kh7 38. Bxg7 Ng6 39. Kd2 Rh3 40. Rg5 Rh2+ 41. Kc1 Rh1 42. Bf6 Rh3 43. Nf2 Rf3 44. Ng4 Rf1+ 45. Kd2 Rg1 46. b4 cxb4 47. axb4 Rxg4 48. Rxg4 Kh6 49. Rg5 Rxf6 50. Nxf6 Kxg5 51. Ne8 Kf4 52. Nxd6 Nf8 53. Kd3 Nd7 54. Ne8 Kf3 55. d6 Kf4 56. Nc7 Nf6 57. Nxa6 1-0

[Event "BAN-chB 42nd"]
[Site "Dhaka"]
[Date "2016.10.20"]
[Round "1"]
[White "Ikramul, Haque Siam"]
[Black "Md Abu, Sayed"]
[Result "1-0"]
[WhiteElo "2202"]
[BlackElo "1868"]
[PlyCount "66"]
[EventDate "2016.10.20"]
[EventType "swiss"]
[EventRounds "11"]
[EventCountry "BAN"]
[SourceTitle "CBM 175 Extra"]
[Source "ChessBase"]
[SourceDate "2016.12.12"]
[SourceVersion "1"]
[SourceVersionDate "2016.12.12"]
[SourceQuality "1"]

1. Nf3 d6 2. e4 Nf6 3. Nc3 g6 4. d4 Bg7 5. Be2 0-0 6. 0-0 Nc6 7. d5 Ne5 8. Bg5 Nxf3+ 9. Bxf3 Ne8 10. Re1 f6 11. Bh4 Bd7 12. Qd2 g5 13. Bg3 h6 14. h4 g4 15. Be2 f5 16. Bf4 Kh7 17. Bd3 e5 18. dxe6 Bxe6 19. exf5 Bxf5 20. Bxf5+ Rxf5 21. Qd3 Qd7 22. Nd5 Kh8 23. Re7 Rxd5 24. Rxd7 Rxd3 25. cxd3 Rc8 26. Rc1 Kg8 27. b3 Kf8 28. Bxd6+ Nxd6 29. Rxd6 Re8 30. Rd7 Be5 31. Re1 Bh2+ 32. Kf1 Rxe1+ 33. Kxe1 Bf4 1-0